Normal view
MARC view
- Bruegge,Bernd /Dttoit,Allen
Entry Personal Name
001 - CONTROL NUMBER
- control field: 3945
003 - CONTROL NUMBER IDENTIFIER
- control field: JO-AjAnu
005 - DATE AND TIME OF LATEST TRANSACTION
- control field: 20230606070940.0
008 - FIXED-LENGTH DATA ELEMENTS
- fixed length control field: 230606|| aca||aabn | a|a d
040 ## - CATALOGING SOURCE
- Original cataloging agency: JO-AjAnu
- Transcribing agency: JO-AjAnu
100 ## - HEADING--PERSONAL NAME
- Personal name: Bruegge,Bernd /Dttoit,Allen
670 ## - SOURCE DATA FOUND
- Source citation: Work cat.: (JO-AjAnu)2055: Bruegge,Bernd /Dttoit,Allen, author, Object-Orinted software Engineering